Penguin Classics Book Covers Quiz Stats

 Plays Quiz Updated Oct 6, 2014

Challenge
Share
Tweet
Score 0/21 Timer 05:00
2 Plays Today
% Correct
Dracula
90.5%
The Lord of the Flies
89.6%
Around the World in Eighty Days
89.1%
Pride and Prejudice
88%
Little Women
81%
Of Mice and Men
77.7%
Lolita
74%
A Tale of Two Cities
68.7%
Brave New World
67.8%
Ulysses
66.9%
The Wind in the Willows
59.6%
% Correct
Frankenstein
55.2%
A Clockwork Orange
51.6%
The Red Badge of Courage
44.8%
The Stranger (Outsider)
43.7%
The Brothers Karamazov
43%
Mrs. Dalloway
35.3%
Middlemarch
28.1%
Far From the Madding Crowd
23.6%
Moll Flanders
18.9%
Under the Volcano
11%

You're not logged in!

Compare scores with friends on all Sporcle quizzes.
OR
Log In

You Might Also Like...

Show Comments

Extras

Top Quizzes Today


Score Distribution

Your Account Isn't Verified!

In order to create a playlist on Sporcle, you need to verify the email address you used during registration. Go to your Sporcle Settings to finish the process.

Report this User

Report this user for behavior that violates our Community Guidelines.

Details: